Debt Repudiation by Developing Countries in the 1980s <A> Cross-Country Analysis of Major Determinants

Gespeichert in:
Bibliographische Detailangaben
1. Verfasser: Nunnenkamp, Peter
Weitere Verfasser: Picht, Hartmut
Format: Buch
Sprache:Englisch
Veröffentlicht: Kiel Institut für Weltwirtschaft 1988
Ausgabe:1. ed.
Schriftenreihe:Working Paper No.313
Tags: Tag hinzufügen
Keine Tags, Fügen Sie das erste Tag hinzu!

MARC

LEADER 00000nam a2200000 4500
001 c024738
005 20221219115644.1
041 0 |a eng 
044 |a DE 
245 1 0 |a Debt Repudiation by Developing Countries in the 1980s  |b <A> Cross-Country Analysis of Major Determinants  |c Peter Nunnenkamp, Hartmut Picht 
250 |a 1. ed. 
264 1 |a Kiel  |b Institut für Weltwirtschaft  |c 1988 
300 |a 33 s. 
490 1 |a Working Paper  |v No.313 
830 0 |a Working Paper  |v No.313 
100 1 |a Nunnenkamp, Peter 
700 1 |a Picht, Hartmut